000 00335nam a22001217a 4500
999 _c16939
_d16939
008 180709b xxu||||| |||| 00| 0 eng d
100 _aCharavarti, B.K.
245 _aHotel Front Office Training Manual
_cB.K. Chakravarti
300 _aix, 265p.
650 _aOffice Management
650 _aPersonnel Management
942 _2lcc
_cBK